Iain Armitage Filmography - Statistics

General Stats
  • This quiz has been taken 14 times
    4 since last reset
  • The average score is 2 of 22
Answer Stats
Type Year Name % Correct
TV Show 2017-2024 Young Sheldon
100%
Film 2020 SCOOB!
33%
TV Show 2018 The Big Bang Theory
33%
TV Show 2017-2019 Big Little Lies
0%
TV Show 2026 Big Little Lies
0%
TV Special 2024 Dolly Parton's Pet Gala
0%
Web Series 2022 Ghostwriter
0%
TV Show 2020 Group Chat
0%
Web Series 2014-Present Iain Loves Theatre
0%
Film 2017 I'm Not Here
0%
TV Show 2014 Impractical Jokers
0%
TV Show 2018-2020 Jeopardy!
0%
TV Show 2017 Law & Order: Special Victims Unit
0%
TV Show 2016 Little Big Shots
0%
TV Show 2020 Nickelodeon's Unfiltered
0%
Film 2017 Our Souls at Night
0%
Film 2021 PAW Patrol: The Movie
0%
Film TBA Scoob!: Holiday Haunt
0%
Web Series 2022 Show Us Your Pets
0%
Film TBA The Adam Trials
0%
Film 2017 The Glass Castle
0%
TV Show 2022 The Price Is Right at Night
0%
No matching quizzes found
Score Distribution
Percent of People with Each Score
Percentile by Number Answered
Your Score History
You have not taken this quiz since the last reset